00371nam a2200157Ia 4500003000400000005001700004008004100021040000700062041000800069082001900077100002800096245002100124260005200145365000800197440000800205OSt20230524134839.0210423s1997 xx 000 0 und d cAL aeng a301 223bPEES aPEER (Mohammed);others. aSamaja shodhana. aMangalorebMangalore University Sociologyc1997 cINR v6.1